000 00833cam a2200133 4500500
005 20251214001958.0
041 _afre
042 _adc
100 1 0 _aBaudouï, Rémi
_eauthor
245 0 0 _aGéopolitique du terrorisme
260 _bArmand Colin,
_c2009.
520 _aLe raisonnement géopolitique dépasse les analyses de science politique : il permet de comprendre la complexité des situations internes propres aux camps terroristes (contrôle et gestion des territoires sous son autorité). Les exemples contemporains (ETA, FARC, Al-Qaïda, Hezbollah) montrent le déploiement territorial des mouvements terroristes. Ces territoires en cours d’autonomisation ouvrent la voie à leur tribalisation.
856 4 1 _uhttps://shs.cairn.info/geopolitique-du-terrorisme--9782200351588?lang=fr&redirect-ssocas=7080
999 _c1566623
_d1566623